[Event "Russian Championship B11 2016"]
[Site "Loo"]
[Date "2016.04.22"]
[Round "3.21"]
[White "Krivov, Nikita"]
[Black "Smirnov, Yaroslav"]
[Result "0-1"]
[WhiteElo "1549"]
[BlackElo "1440"]
[PlyCount "102"]
[EventDate "2016.04.20"]

1. d4 Nf6 2. c4 g6 3. Nc3 Bg7 4. Bg5 d6 5. Nf3 O-O 6. e3 Nbd7 7. Be2 e5 8. O-O
c6 9. dxe5 Nxe5 10. Ne4 Nxf3+ 11. Bxf3 h6 12. Nxf6+ Bxf6 13. Bxh6 Bg7 14. Bxg7
Kxg7 15. Qd4+ Qf6 16. Rad1 Rd8 17. Rd2 Qxd4 18. Rxd4 Be6 19. b3 Kf6 20. Rfd1
Ke7 21. Rh4 d5 22. cxd5 Bxd5 23. Rb4 c5 24. Rf4 Bxf3 25. Rxd8 Rxd8 26. gxf3 Rd6
27. Rc4 Rc6 28. Kf1 b5 29. Rc3 Kd6 30. Ke2 Ra6 31. Rc2 c4 32. Kd2 Kc5 33. Kc3
b4+ 34. Kd2 c3+ 35. Kd3 Rd6+ 36. Ke2 Kb5 37. f4 a5 38. f3 a4 39. Ke1 axb3 40.
axb3 Ra6 41. Rc1 Ra2 42. Kd1 Rb2 43. Ra1 Rxb3 44. Ra2 Kc4 45. Kc2 Ra3 46. Rxa3
bxa3 47. f5 a2 48. fxg6 fxg6 49. e4 a1=Q 50. e5 Qb2+ 51. Kd1 Qd2# 0-1

[Event "Russian Championship B11 2016"]
[Site "Loo"]
[Date "2016.04.22"]
[Round "3.23"]
[White "Fedoseev, Ilya"]
[Black "Sagdiev, Daniel"]
[Result "1/2-1/2"]
[WhiteElo "1437"]
[BlackElo "1599"]
[PlyCount "199"]
[EventDate "2016.04.20"]

1. d4 f5 2. c4 Nf6 3. Nf3 g6 4. Nc3 Bg7 5. g3 d6 6. Bg2 O-O 7. O-O Qe8 8. d5
Nbd7 9. Nb5 Qd8 10. Nbd4 Nc5 11. b3 Bd7 12. Bb2 c6 13. dxc6 bxc6 14. Ba3 Nce4
15. Rc1 c5 16. Nb5 Bxb5 17. cxb5 Qa5 18. Bb2 Qxb5 19. Nd2 Nxd2 20. Qxd2 Rad8
21. Rfe1 e6 22. Qe3 Rfe8 23. Qc3 e5 24. Qc4+ Qxc4 25. Rxc4 Rc8 26. Rd1 Red8 27.
Ra4 Rc7 28. Bxe5 Rcd7 29. Bxf6 Bxf6 30. Bd5+ Kg7 31. Ra6 Be5 32. e3 Re7 33. Ra5
Rde8 34. Ra6 Rd8 35. Ra5 g5 36. Rd3 Kf6 37. Kg2 h5 38. Ra6 h4 39. gxh4 gxh4 40.
f4 h3+ 41. Kf2 Bb2 42. Bf3 Red7 43. Bc6 Rg7 44. Bf3 Rgd7 45. Bc6 Re7 46. Bf3
Ke6 47. Bd5+ Kf6 48. Bf3 Red7 49. Bc6 Rc7 50. Bd5 Ke7 51. Kf3 Rb8 52. Kg3 Rh8
53. Kf2 Rh6 54. Ra4 Rg6 55. Rd1 Bf6 56. Ra6 Bh4+ 57. Ke2 Kf8 58. Rc6 Rxc6 59.
Bxc6 Ke7 60. Bd5 Kd7 61. Rf1 Kc7 62. Kd3 Kb6 63. Kc4 Rg7 64. Rf3 Rg2 65. Rxh3
Rg1 66. Rxh4 Rc1+ 67. Kd3 Rd1+ 68. Kc2 Rxd5 69. Rh7 c4 70. bxc4 Rc5 71. Kb3 Rc8
72. Rh3 Rg8 73. Rh5 Re8 74. Rxf5 Rxe3+ 75. Kb4 Rh3 76. Rf6 Kc7 77. Rf7+ Kb6 78.
f5 Rxh2 79. a4 Rh3 80. a5+ Ka6 81. Rf6 Rh5 82. Rxd6+ Kb7 83. f6 Rf5 84. Rd7+
Kc8 85. Rxa7 Rxf6 86. Kb5 Kb8 87. Rh7 Rf2 88. c5 Rb2+ 89. Ka6 Rc2 90. Re7 Rxc5
91. Kb6 Rc8 92. Kb5 Rc7 93. Re6 Rd7 94. Re8+ Kb7 95. a6+ Ka7 96. Re6 Rh7 97.
Re5 Rg7 98. Re6 Rg5+ 99. Kb4 Rg7 100. Kb5 1/2-1/2

[Event "Russian Championship B11 2016"]
[Site "Loo"]
[Date "2016.04.22"]
[Round "3.24"]
[White "Nikolaev, Matvei"]
[Black "Dubinenko, Konstantin"]
[Result "1-0"]
[WhiteElo "1569"]
[BlackElo "1483"]
[PlyCount "89"]
[EventDate "2016.04.20"]

1. e4 e5 2. Nf3 Nc6 3. Bb5 Nf6 4. O-O Bd6 5. d3 O-O 6. Nc3 Re8 7. Nh4 Nxe4 8.
Nxe4 Nd4 9. Bc4 Be7 10. Nf3 d5 11. Nxe5 dxc4 12. Nxc4 Be6 13. Ne3 f5 14. Nd2 f4
15. Nec4 Bh4 16. c3 Ne2+ 17. Kh1 Nxc1 18. Rxc1 Qxd3 19. Ne5 Qd5 20. Nef3 Bf6
21. a3 Rad8 22. Qa4 Bd7 23. Qxf4 Bc6 24. Rfe1 Be5 25. Rxe5 Rxe5 26. c4 Re4 27.
cxd5 Rxf4 28. dxc6 b6 29. h3 Kf7 30. Ne5+ Ke6 31. Ndf3 Rd5 32. Re1 Kd6 33. b4
Rf5 34. Nc4+ Kxc6 35. Ne3 Rxf3 36. gxf3 Rd3 37. Rc1+ Kb7 38. Ra1 Rd2 39. Kg2
Ka6 40. Rc1 Kb7 41. Rc3 Ra2 42. Nf5 g6 43. Ne7 a6 44. Nd5 c6 45. Ne7 1-0

[Event "Russian Championship B11 2016"]
[Site "Loo"]
[Date "2016.04.22"]
[Round "3.26"]
[White "Kasparov, Georgy"]
[Black "Chumaevskiy, Arseniy"]
[Result "1/2-1/2"]
[WhiteElo "1365"]
[BlackElo "1552"]
[PlyCount "64"]
[EventDate "2016.04.20"]

1. e4 c5 2. Nf3 Nc6 3. d4 cxd4 4. Nxd4 g6 5. Nc3 Bg7 6. Be3 Nf6 7. f3 O-O 8. g4
Qb6 9. Rb1 Nxe4 10. fxe4 Nxd4 11. Nd5 Qa5+ 12. b4 Qxa2 13. Bxd4 Bxd4 14. Nxe7+
Kg7 15. Qxd4+ f6 16. Rc1 Qe6 17. Nd5 Qxg4 18. Be2 Qh4+ 19. Kd1 b6 20. Rf1 Bb7
21. Nxf6 Rxf6 22. Qxd7+ Kh6 23. Qd2+ Kg7 24. Qd7+ Kh6 25. Rxf6 Qxf6 26. Qxb7
Rd8+ 27. Bd3 Qf1+ 28. Kd2 Qf4+ 29. Kd1 Qf1+ 30. Kd2 Qf4+ 31. Kd1 Qf1+ 32. Kd2
Qf4+ 1/2-1/2

[Event "Russian Championship B13 1st league 2016"]
[Site "Loo"]
[Date "2016.04.22"]
[Round "3.1"]
[White "Zakirov, Artur"]
[Black "Zhukov, Maksim"]
[Result "0-1"]
[WhiteElo "1725"]
[BlackElo "1861"]
[PlyCount "96"]
[EventDate "2016.04.20"]

1. e4 c6 2. d4 d5 3. Nc3 dxe4 4. Nxe4 Nf6 5. Nxf6+ gxf6 6. Bf4 Bf5 7. c3 e6 8.
Bd3 Bg6 9. h4 Bd6 10. Bxd6 Qxd6 11. h5 Bxd3 12. Qxd3 Nd7 13. Ne2 O-O-O 14.
O-O-O Qc7 15. Qf3 Rhg8 16. Kb1 f5 17. c4 Nf6 18. Nc3 Rg4 19. d5 Rf4 20. Qe3 Ng4
21. Qc5 cxd5 22. Qxa7 Rxc4 23. Nb5 Qc6 24. a4 Qa6 25. b3 Rc6 26. Rc1 Qxa7 27.
Nxa7+ Kd7 28. Nxc6 bxc6 29. Rc2 Ne5 30. Rd1 Kd6 31. b4 Rb8 32. Rd4 Nd7 33. Rb2
e5 34. Rdd2 Nb6 35. Ra2 Nc4 36. Rd1 Rxb4+ 37. Kc2 Na5 38. Rd3 f4 39. f3 c5 40.
Kd2 c4 41. Rc3 d4 42. Rcc2 f5 43. Kd1 c3 44. Rc1 Kd5 45. Ke2 e4 46. fxe4+ fxe4
47. Rf1 d3+ 48. Kd1 e3 0-1

[Event "Russian Championship B13 1st league 2016"]
[Site "Loo"]
[Date "2016.04.22"]
[Round "3.2"]
[White "Galiev, Irek"]
[Black "Efanov, Aleksey"]
[Result "1-0"]
[WhiteElo "1859"]
[BlackElo "1693"]
[PlyCount "67"]
[EventDate "2016.04.20"]

1. d4 Nf6 2. c4 e6 3. Nf3 c5 4. d5 d6 5. Nc3 Be7 6. e4 exd5 7. exd5 Bf5 8. Bd3
Bxd3 9. Qxd3 O-O 10. O-O Qd7 11. Ng5 h6 12. Nge4 Na6 13. a3 Nc7 14. f4 Rfe8 15.
f5 Qd8 16. Rf4 Nxe4 17. Nxe4 Bf6 18. Rg4 Kh7 19. Nxf6+ Qxf6 20. Bd2 Rg8 21. Bc3
Qd8 22. Re1 f6 23. Qg3 Qd7 24. Rf4 Qf7 25. Rfe4 Rae8 26. Qxd6 b6 27. Re7 Rxe7
28. Rxe7 Ne8 29. Qe6 Qxe6 30. fxe6 Nd6 31. Bxf6 Kg6 32. Bc3 Nxc4 33. Rxa7 Ne3
34. d6 1-0

[Event "Russian Championship B13 1st league 2016"]
[Site "Loo"]
[Date "2016.04.22"]
[Round "3.3"]
[White "Zhukov, Ivan"]
[Black "Dudin, Gleb"]
[Result "1/2-1/2"]
[WhiteElo "1667"]
[BlackElo "1857"]
[PlyCount "132"]
[EventDate "2016.04.20"]

1. e4 e6 2. d4 d5 3. Nd2 c5 4. Ngf3 Nf6 5. e5 Nfd7 6. c3 Nc6 7. Bb5 a6 8. Bxc6
bxc6 9. O-O cxd4 10. cxd4 c5 11. Nb3 c4 12. Nbd2 a5 13. Nb1 Be7 14. Nc3 O-O 15.
Ne1 Qb6 16. Kh1 f6 17. Nf3 Bb7 18. Be3 Rad8 19. Rb1 Qc6 20. exf6 Bxf6 21. Bg5
Bxg5 22. Nxg5 h6 23. Nf3 e5 24. Ne2 e4 25. Nd2 Nf6 26. Ng3 Bc8 27. b3 Qb6 28.
bxc4 Qxd4 29. cxd5 Qxd5 30. Ndxe4 Nxe4 31. Qxd5+ Rxd5 32. Nxe4 Ba6 33. Rfe1 Bd3
34. Nc3 Bxb1 35. Nxd5 Bxa2 36. Nc3 Rxf2 37. Kg1 Rc2 38. Nxa2 Rxa2 39. Re7 a4
40. Ra7 a3 41. h3 Ra1+ 42. Kh2 Kh7 43. Ra6 a2 44. g3 Kg8 45. Ra7 Kf8 46. Kg2
Ke8 47. Kh2 Kd8 48. Kg2 Kc8 49. Kh2 Kb8 50. Ra5 Kb7 51. Kg2 Kb6 52. Ra8 Kc5 53.
Rc8+ Kd4 54. Ra8 Kc3 55. Rc8+ Kd4 56. Ra8 g5 57. Rd8+ Ke3 58. Re8+ Kd3 59. Rd8+
Ke4 60. Ra8 h5 61. Re8+ Kd3 62. Rd8+ Kc4 63. Rc8+ Kb5 64. Ra8 Kb4 65. Rb8+ Kc3
66. Rc8+ Kd3 1/2-1/2

[Event "Russian Championship B13 1st league 2016"]
[Site "Loo"]
[Date "2016.04.22"]
[Round "3.4"]
[White "Bobkov, Vadim"]
[Black "Garifzyanov, Niyaz"]
[Result "0-1"]
[WhiteElo "1839"]
[BlackElo "1682"]
[PlyCount "82"]
[EventDate "2016.04.20"]

1. d4 Nf6 2. c4 e6 3. Nf3 Bb4+ 4. Bd2 Bxd2+ 5. Qxd2 d5 6. Nc3 O-O 7. e3 Qe7 8.
cxd5 exd5 9. Bd3 c6 10. Qc2 Re8 11. O-O Nbd7 12. Rae1 Ne4 13. Nd2 Ndf6 14. f3
Nxd2 15. Qxd2 Qd6 16. Bc2 Rd8 17. Na4 b6 18. b4 Ba6 19. Rf2 Bb5 20. Nb2 Ne8 21.
a4 Ba6 22. b5 cxb5 23. Qd3 g6 24. Qb3 bxa4 25. Qxa4 Bb7 26. Rd2 Bc6 27. Qb3 Qf6
28. Nd3 Bb7 29. Ne5 Qg5 30. Rdd1 Kg7 31. Ng4 Nd6 32. Bd3 Re8 33. Bf1 Nf5 34.
Bb5 Red8 35. Rc1 Rac8 36. Kf2 Kg8 37. Rcd1 Rc7 38. Bd3 Rdc8 39. Qa3 a5 40. Qb3
h5 41. Ne5 Ne7 0-1

[Event "Russian Championship B13 1st league 2016"]
[Site "Loo"]
[Date "2016.04.22"]
[Round "3.5"]
[White "Tsymbal, Evgeny"]
[Black "Zemskov, Roman"]
[Result "1-0"]
[WhiteElo "1652"]
[BlackElo "1824"]
[PlyCount "89"]
[EventDate "2016.04.20"]

1. e4 c5 2. Nf3 d6 3. Bb5+ Bd7 4. Bxd7+ Nxd7 5. O-O g6 6. c3 Bg7 7. d4 cxd4 8.
cxd4 e6 9. Nc3 Ne7 10. Re1 a6 11. Be3 O-O 12. Rc1 Rc8 13. Qd2 b5 14. a3 Nb6 15.
b3 d5 16. e5 Nf5 17. Bg5 Qd7 18. g4 Ne7 19. Bf6 h6 20. Qf4 Kh7 21. Bxg7 Kxg7
22. Qf6+ Kg8 23. h4 Kh7 24. Kg2 Ng8 25. Qf4 Qe7 26. Ng5+ Kg7 27. Rh1 Rfd8 28.
Rh3 hxg5 29. hxg5 Rd7 30. Rch1 Kf8 31. Rh8 f5 32. gxf6 Qf7 33. Na2 a5 34. Nc3
Rxc3 35. Qd2 b4 36. axb4 axb4 37. Qa2 Ra7 38. Qe2 Qe8 39. Qd2 Qf7 40. Qe2 Qe8
41. R1h2 Rxb3 42. Qf1 Rba3 43. Qh1 Qf7 44. R2h7 Qxh7 45. Rxh7 1-0

[Event "Russian Championship B13 1st league 2016"]
[Site "Loo"]
[Date "2016.04.22"]
[Round "3.6"]
[White "Kamaev, Dzhabrail"]
[Black "Shvetko, Roman"]
[Result "1-0"]
[WhiteElo "1823"]
[BlackElo "1667"]
[PlyCount "65"]
[EventDate "2016.04.20"]

1. e4 e5 2. Nf3 Nf6 3. Nc3 Bb4 4. Bc4 d6 5. d3 O-O 6. O-O h6 7. h3 Bxc3 8. bxc3
Nc6 9. Be3 Na5 10. Bb3 Nxb3 11. axb3 b6 12. Nh2 d5 13. exd5 Nxd5 14. c4 Nxe3
15. fxe3 Bb7 16. e4 Qd4+ 17. Kh1 Qd6 18. Qh5 a5 19. Ng4 Bc8 20. Qxe5 Bxg4 21.
Qxd6 cxd6 22. hxg4 Rae8 23. Rf5 Re5 24. Rxe5 dxe5 25. c5 bxc5 26. Rxa5 Rc8 27.
Ra4 Rc6 28. Rc4 Rg6 29. Rxc5 f6 30. b4 Rxg4 31. b5 Rg3 32. Kg1 Rg6 33. Rc6 1-0

[Event "Russian Championship B13 1st league 2016"]
[Site "Loo"]
[Date "2016.04.22"]
[Round "3.7"]
[White "Trofimov, Ivan"]
[Black "Mutovin, Egor"]
[Result "1-0"]
[WhiteElo "1597"]
[BlackElo "1801"]
[PlyCount "147"]
[EventDate "2016.04.20"]

1. e4 e6 2. d4 d5 3. e5 c5 4. c3 Qb6 5. Nf3 Nc6 6. a3 Nge7 7. b4 cxd4 8. cxd4
Nf5 9. Be3 Bd7 10. Be2 Be7 11. g4 Nxe3 12. fxe3 f6 13. exf6 gxf6 14. Nc3 Nxb4
15. axb4 Bxb4 16. Qd3 Rc8 17. Rc1 Qa5 18. Kd2 O-O 19. g5 Rxc3 20. Rxc3 Qa2+ 21.
Ke1 Qa1+ 22. Kf2 Qxc3 23. Qb1 f5 24. Rc1 Qa3 25. Rd1 Qa5 26. Ne5 Bb5 27. Nd3
Bd6 28. Kg1 a6 29. Kh1 Qc7 30. Rg1 Rf7 31. g6 Rg7 32. gxh7+ Kxh7 33. Rxg7+ Qxg7
34. Qf1 Qh6 35. Qf2 Bc4 36. Nc1 Bxe2 37. Nxe2 b5 38. Nc3 f4 39. Ne2 f3 40. Ng3
Bxg3 41. Qxg3 Qg6 42. Qh4+ Kg8 43. Qd8+ Kf7 44. Qc7+ Kf8 45. Qd6+ Kf7 46. Qc7+
Kf6 47. Qe5+ Ke7 48. Qc7+ Kf8 49. Qd6+ Kg8 50. Qd8+ Kh7 51. Qh4+ Kg7 52. Qe7+
Qf7 53. Qg5+ Kh7 54. Qh4+ Kg6 55. Qg4+ Kf6 56. Qh4+ Kg6 57. Qg4+ Kh7 58. Qh4+
Kg8 59. Qg5+ Qg7 60. Qd8+ Kh7 61. Qh4+ Kg6 62. Qg3+ Kf7 63. Qc7+ Kg8 64. Qd8+
Qf8 65. Qg5+ Kf7 66. Qf4+ Ke8 67. Qb8+ Ke7 68. Qc7+ Kf6 69. Qf4+ Kg6 70. Qxf8
a5 71. Qxf3 b4 72. Qg2+ Kf5 73. Qc2+ Kg4 74. Kg2 1-0

[Event "Russian Championship B13 1st league 2016"]
[Site "Loo"]
[Date "2016.04.22"]
[Round "3.8"]
[White "Erastov, Semen"]
[Black "Kovalev, Kirill"]
[Result "1-0"]
[WhiteElo "1775"]
[BlackElo "1597"]
[PlyCount "87"]
[EventDate "2016.04.20"]

1. d4 d5 2. c4 e6 3. Nf3 Nf6 4. g3 Nbd7 5. Bg2 c6 6. O-O b6 7. Qc2 Bb7 8. Nbd2
Be7 9. e4 dxe4 10. Nxe4 c5 11. Nxf6+ Nxf6 12. Qa4+ Qd7 13. Qxd7+ Nxd7 14. Be3
O-O 15. Rfd1 Rad8 16. Rd2 Nf6 17. Rad1 Bxf3 18. Bxf3 cxd4 19. Bxd4 Rc8 20. b3
Rfd8 21. Be5 Ne8 22. Rd7 Rxd7 23. Rxd7 Bc5 24. Bb7 f6 25. Bxc8 fxe5 26. Rxa7
Nd6 27. Bxe6+ Kf8 28. Bd5 e4 29. Ra8+ Ke7 30. Kf1 Kf6 31. a3 Ke5 32. b4 Bd4 33.
Rg8 Kf5 34. Rd8 Ke5 35. Rd7 Nf5 36. g4 Nh6 37. Rxg7 Kf6 38. Rxh7 Nxg4 39. h3
Ne5 40. h4 Nf3 41. h5 Nh2+ 42. Kg2 Nf3 43. Bxe4 Nh4+ 44. Kf1 1-0

[Event "Russian Championship B13 1st league 2016"]
[Site "Loo"]
[Date "2016.04.22"]
[Round "3.9"]
[White "Kitaev, Roman"]
[Black "Akhmetshin, Alexander"]
[Result "0-1"]
[WhiteElo "1744"]
[BlackElo "1579"]
[PlyCount "118"]
[EventDate "2016.04.20"]

1. e4 e6 2. Nf3 d5 3. Nc3 d4 4. Ne2 c5 5. d3 Nc6 6. g3 e5 7. Bg2 Be7 8. O-O g5
9. Nd2 h5 10. Nc4 h4 11. f4 gxf4 12. gxf4 f6 13. f5 Bf8 14. a4 Bh6 15. Bf3 Bxc1
16. Nxc1 Ke7 17. Kh1 Nh6 18. Rg1 Rg8 19. Nb3 b6 20. Qd2 Nf7 21. Rxg8 Qxg8 22.
Rg1 Ng5 23. Qd1 Bd7 24. Nbd2 Nb4 25. b3 Qh7 26. Bg4 h3 27. Nf3 Rg8 28. Nxg5
Rxg5 29. Nd2 Be8 30. Nf3 Rg7 31. Bxh3 Bh5 32. Rxg7+ Qxg7 33. Bg2 Qh6 34. Qd2
Qxd2 35. Nxd2 Bd1 36. Bf1 Bxc2 37. h4 Nxd3 38. Kg2 Nf4+ 39. Kg3 Kf7 40. Bc4+
Kg7 41. Kf2 Kh6 42. Kf3 Bd1+ 43. Kf2 Kh5 44. Kg3 Ne2+ 45. Kh3 Nc3 46. Bd3 Be2
47. Bxe2+ Nxe2 48. Nc4 d3 49. Nd2 a6 50. Kg2 Kxh4 51. Kf2 Nc1 52. Ke3 Kg3 53.
Nf1+ Kg2 54. Nd2 b5 55. a5 Kg1 56. Kf3 Na2 57. Ke3 Nb4 58. Kf3 Nc2 59. Kg3 Nd4
0-1

[Event "Russian Championship B13 1st league 2016"]
[Site "Loo"]
[Date "2016.04.22"]
[Round "3.10"]
[White "Kleimenov, Ivan"]
[Black "Beloshapko, Matvej"]
[Result "1/2-1/2"]
[WhiteElo "1576"]
[BlackElo "1741"]
[PlyCount "82"]
[EventDate "2016.04.20"]

1. e4 c5 2. Nf3 g6 3. d4 cxd4 4. Nxd4 Bg7 5. Be3 Nc6 6. Nc3 Nf6 7. f3 O-O 8. g4
Qb6 9. Rb1 Nxg4 10. fxg4 Nxd4 11. Nd5 Qa5+ 12. b4 Qxa2 13. Nxe7+ Kh8 14. Bxd4
Qe6 15. Bxg7+ Kxg7 16. Qd4+ f6 17. Nd5 Qxg4 18. Be2 Qg2 19. Kd2 Qg5+ 20. Qe3
Qxe3+ 21. Nxe3 d6 22. Nd5 Bd7 23. c4 Bc6 24. b5 Bxd5 25. exd5 b6 26. Rbe1 Rfe8
27. Bd3 Kf7 28. h4 Rxe1 29. Rxe1 Re8 30. Rxe8 Kxe8 31. h5 Kf7 32. hxg6+ hxg6
33. Ke3 f5 34. Kf4 Kf6 35. Bf1 g5+ 36. Kf3 Ke5 37. Bd3 Kf6 38. Bf1 Ke5 39. Bd3
Kf6 40. Bf1 Ke5 41. Bd3 Kf6 1/2-1/2

[Event "Russian Championship B13 1st league 2016"]
[Site "Loo"]
[Date "2016.04.22"]
[Round "3.11"]
[White "Konovalov, Alexey"]
[Black "Traschenko, Damir"]
[Result "1-0"]
[WhiteElo "1560"]
[BlackElo "1733"]
[PlyCount "87"]
[EventDate "2016.04.20"]

1. e4 c6 2. d4 d5 3. exd5 cxd5 4. Bd3 Nf6 5. h3 Nc6 6. Nf3 e6 7. c3 Qc7 8. O-O
Be7 9. Re1 O-O 10. Nbd2 Rb8 11. Ne5 Bd6 12. Ndf3 h6 13. Bf4 Nh5 14. Bh2 Nf6 15.
Qd2 Nd7 16. Re3 Ndxe5 17. Nxe5 f5 18. f4 Nxe5 19. fxe5 Be7 20. Rf3 Bd7 21. Bf4
g5 22. Be3 Rf7 23. Qe2 Rg7 24. Rf2 Rf8 25. Qh5 Kh7 26. h4 Be8 27. Qg4 Kg8 28.
Qh3 Qc8 29. hxg5 hxg5 30. g4 Rh7 31. Qg3 Rff7 32. gxf5 exf5 33. Qf3 Rh4 34. Rg2
f4 35. Qf2 Qh3 36. Rh2 Qxh2+ 37. Qxh2 Rxh2 38. Kxh2 fxe3 39. Re1 Rf2+ 40. Kg3
Rxb2 41. Rxe3 Rxa2 42. c4 Ra3 43. cxd5 Bb5 44. d6 1-0

[Event "Russian Championship B13 1st league 2016"]
[Site "Loo"]
[Date "2016.04.22"]
[Round "3.12"]
[White "Volovich, Vasily"]
[Black "Lebedev, Nikita"]
[Result "1-0"]
[WhiteElo "1875"]
[BlackElo "1629"]
[PlyCount "55"]
[EventDate "2016.04.20"]

1. e4 c5 2. c3 d5 3. exd5 Qxd5 4. d4 cxd4 5. cxd4 Nc6 6. Nf3 Bg4 7. Nc3 Qf5 8.
d5 Bxf3 9. gxf3 O-O-O 10. Bd3 Qe5+ 11. Be3 Nb4 12. Rc1 Kb8 13. f4 Qf6 14. Bc4
e6 15. Qa4 b6 16. Nb5 Qe7 17. d6 Qb7 18. Ke2 Nc6 19. Bd5 exd5 20. Rxc6 Rd7 21.
Rhc1 Ne7 22. Rc7 Rxc7 23. Rxc7 Qa8 24. Rxa7 Qc6 25. Rc7 Qa8 26. Qxa8+ Kxa8 27.
d7 Nc6 28. Rxc6 1-0

[Event "Russian Championship B13 1st league 2016"]
[Site "Loo"]
[Date "2016.04.22"]
[Round "3.13"]
[White "Ogorodnikov, Nikolai"]
[Black "Ril, Evgeny"]
[Result "0-1"]
[WhiteElo "1633"]
[BlackElo "1797"]
[PlyCount "116"]
[EventDate "2016.04.20"]

1. e4 e5 2. Nf3 Nc6 3. Bc4 Bc5 4. c3 Nf6 5. d4 exd4 6. cxd4 Bb4+ 7. Bd2 Bxd2+
8. Nbxd2 d5 9. exd5 Nxd5 10. Qb3 Na5 11. Qa4+ Nc6 12. Ne5 O-O 13. Nxc6 Qe8+ 14.
Kf1 Nb6 15. Qb4 bxc6 16. Re1 Qd8 17. f3 h6 18. Bd3 Be6 19. Qc5 Qd7 20. Be4 Rad8
21. Nb3 Bxb3 22. axb3 Qxd4 23. Qxc6 Qxb2 24. Qxc7 Rd2 25. Qc5 Rxg2 26. f4 Rxh2
27. Rg1 Rc8 28. Qe3 Rc3 29. Bd3 Rxd3 30. Qe8+ Kh7 31. Qe4+ g6 32. Rg2 Rxg2 33.
Qxg2 Qxg2+ 34. Kxg2 Rd7 35. Kf3 Kg7 36. Kg4 Kf6 37. Re5 Nd5 38. b4 Nxf4 39. Ra5
Ne6 40. Ra6 Rb7 41. b5 Ke7 42. Ra4 Nc7 43. Re4+ Kf8 44. Rd4 Nxb5 45. Rd8+ Kg7
46. Kf4 Nc7 47. Ke5 Ne6 48. Ra8 Rb5+ 49. Kd6 Ra5 50. Ke7 h5 51. Rc8 Ra3 52. Rc4
a5 53. Rh4 Ra1 54. Rh3 a4 55. Rf3 Ng5 56. Rg3 a3 57. Rxg5 Re1+ 58. Kd6 a2 0-1

[Event "Russian Championship B13 1st league 2016"]
[Site "Loo"]
[Date "2016.04.22"]
[Round "3.14"]
[White "Kundianok, Vladislav"]
[Black "Fonichkin, Egor"]
[Result "1-0"]
[WhiteElo "1767"]
[BlackElo "1631"]
[PlyCount "173"]
[EventDate "2016.04.20"]

1. e4 d6 2. d4 Nf6 3. Nc3 c6 4. f4 Qa5 5. e5 Nd5 6. Bd2 Nxc3 7. Bxc3 Qc7 8. Bd3
dxe5 9. fxe5 e6 10. Nf3 g6 11. O-O h6 12. Qd2 b6 13. Qf4 Ba6 14. Bxa6 Nxa6 15.
Nd2 Rh7 16. Ne4 Be7 17. Qg4 c5 18. dxc5 Nxc5 19. Nf6+ Bxf6 20. Rxf6 O-O-O 21.
Rf4 Kb8 22. Rc4 Qb7 23. Rd1 Rhh8 24. Rcd4 Qc7 25. Qe2 Rxd4 26. Rxd4 Rd8 27. Qd2
Rxd4 28. Qxd4 Qd7 29. Qxd7 Nxd7 30. Kf2 Kc7 31. Ke3 Kc6 32. Kd4 Nc5 33. Bd2 h5
34. b3 Nd7 35. h4 Nc5 36. c4 Nd7 37. Bg5 Nf8 38. Bh6 Nd7 39. Bg7 Nb8 40. Bf8
Nd7 41. Be7 Nb8 42. Ke4 Kd7 43. Ba3 Nc6 44. Kf4 Ke8 45. Bd6 Kd7 46. Ba3 Ke8 47.
Ke4 Kd7 48. Bc1 Nb4 49. a3 Nc6 50. b4 Ke8 51. Be3 Kd7 52. Bd2 Ne7 53. Be3 Nc6
54. Bd2 Ne7 55. Be1 Nc6 56. Bc3 Ne7 57. Kf4 Ng8 58. g4 hxg4 59. Kxg4 Kc6 60. a4
a6 61. Kf4 Ne7 62. Kg5 Ng8 63. h5 gxh5 64. Kxh5 b5 65. cxb5+ axb5 66. a5 Kb7
67. Bd4 Ka6 68. Kg5 Kb7 69. Bc5 Ka6 70. Bf8 Kb7 71. Kf4 Kc6 72. Ke4 f6 73. Kd4
f5 74. Ke3 Kd7 75. Kf4 Kc6 76. Kg5 Kd7 77. Bc5 f4 78. Kxf4 Nh6 79. Kg5 Nf7+ 80.
Kf6 Nd8 81. a6 Kc6 82. Ke7 Kc7 83. a7 Nc6+ 84. Kxe6 Kb7 85. Kd6 Nd8 86. Kd7 Nc6
87. a8=Q+ 1-0

[Event "Russian Championship B13 1st league 2016"]
[Site "Loo"]
[Date "2016.04.22"]
[Round "3.15"]
[White "Shoshin, Kirill"]
[Black "Bukatin, Arseny"]
[Result "1/2-1/2"]
[WhiteElo "1746"]
[BlackElo "1620"]
[PlyCount "91"]
[EventDate "2016.04.20"]

1. e4 e5 2. d4 exd4 3. Qxd4 Nc6 4. Qe3 d6 5. Nc3 Nf6 6. Bd2 Be7 7. O-O-O O-O 8.
Bc4 Be6 9. Bb3 h6 10. f3 Re8 11. Bxe6 fxe6 12. Nh3 e5 13. Rhg1 Rf8 14. Kb1 Nh7
15. Nd5 Kh8 16. Qd3 Nf6 17. Be3 Nxd5 18. Qxd5 Rb8 19. Nf2 Bg5 20. Ng4 Bxe3 21.
Nxe3 Qd7 22. Ng4 Qf7 23. c4 Qxd5 24. cxd5 Nd4 25. Rd2 h5 26. Ne3 g5 27. Nc2
Nxc2 28. Rxc2 Rf7 29. a3 Rg8 30. h3 Rgg7 31. Rh1 Kg8 32. Rhc1 Kf8 33. Ka2 Ke8
34. Rc3 Kd8 35. R1c2 b6 36. Kb3 Kc8 37. a4 g4 38. fxg4 hxg4 39. Rg3 gxh3 40.
Rxg7 Rxg7 41. gxh3 Rh7 42. Rc3 Rh4 43. Re3 Kd7 44. Kc4 c6 45. dxc6+ Kxc6 46. b4
1/2-1/2

[Event "Russian Championship B13 1st league 2016"]
[Site "Loo"]
[Date "2016.04.22"]
[Round "3.16"]
[White "Smirnov, Dmitrii"]
[Black "Agabekov, Saveliy"]
[Result "1-0"]
[WhiteElo "1735"]
[BlackElo "1567"]
[PlyCount "45"]
[EventDate "2016.04.20"]

1. e4 c6 2. d4 d5 3. e5 Bf5 4. Nf3 e6 5. Be2 c5 6. c3 Nc6 7. O-O cxd4 8. Nxd4
Nxd4 9. cxd4 Ne7 10. Bb5+ Nc6 11. Qa4 Qb6 12. Nc3 a6 13. Be3 Rc8 14. Bxc6+ Qxc6
15. Rac1 Be7 16. Nb5 Bc2 17. Rxc2 Qxc2 18. Nc7+ Kd8 19. Qxc2 Rxc7 20. Qb3 Kd7
21. Rc1 Rhc8 22. Rxc7+ Rxc7 23. f4 1-0

[Event "Russian Championship B13 1st league 2016"]
[Site "Loo"]
[Date "2016.04.22"]
[Round "3.17"]
[White "Lvov, Nikita"]
[Black "Kazakov, Gleb"]
[Result "1-0"]
[WhiteElo "1731"]
[BlackElo "1447"]
[PlyCount "95"]
[EventDate "2016.04.20"]

1. d4 d5 2. c4 e6 3. Nf3 Nf6 4. e3 Be7 5. Nbd2 c5 6. dxc5 Bxc5 7. a3 a5 8. Bd3
O-O 9. O-O Nc6 10. Qc2 Be7 11. b3 h6 12. Bb2 Bd7 13. Rac1 Bd6 14. cxd5 Nxd5 15.
Ne4 Be7 16. Rfd1 Qb6 17. Nfd2 f5 18. Nc4 Qc7 19. Ng3 Bf6 20. Bxf5 b5 21. e4
Nde7 22. Bxf6 gxf6 23. Rxd7 Qxd7 24. Nb6 Qd6 25. Bh7+ Kh8 26. Nxa8 Rxa8 27. e5
Nxe5 28. Ne4 Qxa3 29. Rd1 Rc8 30. Qb1 Nd5 31. h3 Qb4 32. Kh2 f5 33. Bxf5 exf5
34. Rxd5 fxe4 35. Qb2 Re8 36. g3 Qe7 37. Rxb5 Kg8 38. Rxa5 Nd3 39. Qe2 Qf7 40.
Qg4+ Kh8 41. Rf5 Qg7 42. Qxg7+ Kxg7 43. Kg2 Rb8 44. Rd5 Rxb3 45. Rd4 Rb4 46.
Rd7+ Kg6 47. Rd6+ Kg5 48. g4 1-0

[Event "Russian Championship B13 1st league 2016"]
[Site "Loo"]
[Date "2016.04.22"]
[Round "3.18"]
[White "Tsybulkin, Ivan"]
[Black "Tishkin, Boris"]
[Result "1/2-1/2"]
[WhiteElo "1685"]
[BlackElo "1561"]
[PlyCount "72"]
[EventDate "2016.04.20"]

1. d4 f5 2. Bf4 e6 3. e3 Nf6 4. Nf3 d5 5. c4 c6 6. Qb3 Nbd7 7. Bd3 Be7 8. O-O
Ne4 9. Bxe4 fxe4 10. Ne5 O-O 11. Nd2 Nxe5 12. Bxe5 Bd6 13. Bxd6 Qxd6 14. cxd5
cxd5 15. Rac1 Kh8 16. Rc3 Bd7 17. Rfc1 Bc6 18. Qc2 e5 19. Nb3 Ba4 20. dxe5 Qxe5
21. Qd2 Bxb3 22. Rxb3 h6 23. Rb5 Rfd8 24. g3 b6 25. Rd1 Rac8 26. Rxd5 Rxd5 27.
Qxd5 Qxb2 28. Qb7 Qc2 29. Rd7 Rf8 30. Rf7 Rc8 31. Rxg7 Qd1+ 32. Kg2 Qf3+ 33.
Kh3 Qh5+ 34. Kg2 Qf3+ 35. Kh3 Qh5+ 36. Kg2 Qf3+ 1/2-1/2

[Event "Russian Championship B13 1st league 2016"]
[Site "Loo"]
[Date "2016.04.22"]
[Round "3.19"]
[White "Kryukov, Alexey"]
[Black "Karavaev, Aleksandr"]
[Result "1/2-1/2"]
[WhiteElo "1617"]
[BlackElo "1662"]
[PlyCount "64"]
[EventDate "2016.04.20"]

1. e4 c5 2. Nf3 d6 3. c3 Nf6 4. Be2 g6 5. O-O Bg7 6. Qc2 O-O 7. d4 cxd4 8. cxd4
Bg4 9. Be3 Nc6 10. h3 Bxf3 11. Bxf3 Nd7 12. Qd2 Qb6 13. Rd1 Qb4 14. Nc3 Nb6 15.
Be2 Nc4 16. Bxc4 Qxc4 17. Rac1 Qb4 18. Bh6 Bxh6 19. Qxh6 Nxd4 20. Nd5 Ne2+ 21.
Kh1 Qxb2 22. Nxe7+ Kh8 23. Rc7 Qf6 24. Nf5 b6 25. Nxd6 Qxf2 26. Qg5 Ng3+ 27.
Kh2 Nf1+ 28. Kh1 Ng3+ 29. Kh2 Nf1+ 30. Kh1 Ng3+ 31. Kh2 Nf1+ 32. Kh1 Ng3+
1/2-1/2